| 000 -CABECERA |
| Longitud fija campo de control |
00602nam a2200205 a 4500 |
| 001 - NÚMERO DE CONTROL |
| Número de control |
1145 |
| 003 - IDENTIFICADOR DEL NÚMERO DE CONTROL |
| Identificador del número de control |
CDMR |
| 005 - FECHA Y HORA DE LA ÚLTIMA TRANSACCIÓN |
| Fecha y hora de la última transacción |
20131213161553.0 |
| 008 - CÓDIGOS DE INFORMACIÓN DE LONGITUD FIJA |
| Códigos de información de longitud fija |
130130s1992||||||||||||||||||||||||||||d |
| 040 ## - FUENTE DE LA CATALOGACIÓN |
| Centro catalogador de origen |
CDMR |
| Lengua de catalogación |
cat |
| Centro transcriptor |
CDMR |
| 111 2# - PUNTO DE ACCESO PRINCIPAL-NOMBRE DE CONGRESO |
| Nombre de congreso o jurisdicción como elemento de entrada |
Converses a la Pedrera |
| Sede del congreso |
Barcelona |
| Fecha del congreso |
1991 |
| Número del congreso o número de parte o sección de la obra |
1es |
| 9 (RLIN) |
403 |
| 245 14 - MENCIÓN DE TÍTULO |
| Título |
Els intelectuals i els mitjans de comunicació |
| 260 ## - PUBLICACIÓN, DISTRIBUCIÓN, ETC. (PIE DE IMPRENTA) |
| Lugar de publicación, distribución, etc. |
Barcelona |
| Fecha de publicación, distribución, etc. |
1992 |
| Nombre del editor, distribuidor, etc. |
CEDIC. Generalitat de Catalunya |
| 300 ## - DESCRIPCIÓN FÍSICA |
| Extensión |
91 p ; |
| Dimensiones |
30 cm |
| 490 0# - MENCIÓN DE SERIE |
| Mención de serie |
Monografies i Documents |
| Designación de volumen o secuencia |
5 |
| 650 04 - PUNTO DE ACCESO ADICIONAL DE MATERIA - TÉRMINO DE MATERIA |
| 9 (RLIN) |
4525 |
| Término de materia o nombre geográfico como elemento inicial |
Intel·lectuals |
| 700 1# - PUNTO DE ACCESO ADICIONAL - NOMBRE DE PERSONA |
| Nombre de persona |
Berrio, Jordi |
| 9 (RLIN) |
897 |
| 700 1# - PUNTO DE ACCESO ADICIONAL - NOMBRE DE PERSONA |
| Nombre de persona |
Saperas, Enric |
| 9 (RLIN) |
898 |
| 942 ## - ENTRADA DE ELEMENTOS AGREGADOS (KOHA) |
| Koha [por defecto] tipo de item |
Monografies |
| Fuente de clasificaión o esquema |
|